| 000 | 00627nam a2200193 u 4500 | ||
|---|---|---|---|
| 005 | 20241109063731.0 | ||
| 008 | 140122s2000 r 000 0 eng d | ||
| 035 | _aUPN01000195002 | ||
| 049 | _aCG | ||
| 050 | 4 |
_aHQ1236 _bG3.7 |
|
| 100 | 1 |
_aGargallo, Francesca, _d1956- _935168 |
|
| 245 | 1 | 0 |
_aTan derechas y tan humanas : _bmanual ético de los derechos humanos de las mujeres / _cFrancesca Gargallo. |
| 260 |
_aMéxico : _bAcademia Mexicana de Derechos Humanos, _c2000. |
||
| 300 |
_a119 p. : _bil. |
||
| 650 | 4 |
_aDerechos de las mujeres _98904 |
|
| 650 | 4 |
_aDerechos humanos _95797 |
|
| 905 | _aLibro | ||
| 999 |
_c167103 _d167103 |
||